000 00969nam a22002177a 4500
008 250204b |||||||| |||| 00| 0 eng d
082 _223rd
_aN658/Vy955
241 _aVyavasayik adhyayan: kaksha 12.
245 _aव्‍यवसायिक अध्‍ययन:
_bकक्षा १२ /
_cसाेमराज खनाल...[र अरुहरु]
260 _aकाठमाडाैंः
_bतलेजु प्रकाशन,
_c२०७०वि.
300 _a262p. : ill.
504 _aIncludes bibliography.
650 _aव्यवसायिक व्यवस्थापन
650 _aव्यवसाय
650 _aBusiness management
_910303
700 _aखनाल, साेमराज
700 _aथापा, सुरेन्द्र 'अस्लामी'
700 _aशेर्पा, ल्हाक्पा गेलु
700 _aढकाल, सीताराम
942 _2ddc
_cISBN
999 _c119945
_d119933